[Event "Liga Vasca 2010 - Division de Honor"]
[Site "Euskadi ESP"]
[Date "2010.03.13"]
[Round "9.51"]
[White "Garbisu de Goñi, Unai"]
[Black "Alonso Arburu, Juan Ignacio"]
[Result "1/2-1/2"]
[WhiteElo "2458"]
[BlackElo "2372"]
[PlyCount "87"]
[EventDate "2010.01.09"]
[EventType "team"]
[EventRounds "9"]
[EventCountry "ESP"]
[Source "lmi"]
[SourceDate "2010.01.09"]

1. e4 e5 2. Nf3 Nc6 3. Bb5 a6 4. Ba4 Nf6 5. O-O Be7 6. Re1 b5 7. Bb3 d6 8. c3
O-O 9. h3 Na5 10. Bc2 c5 11. d4 Qc7 12. Nbd2 Nc6 13. d5 Nd8 14. a4 Rb8 15. Nf1
Bd7 16. b3 Nb7 17. axb5 axb5 18. b4 Ra8 19. Rb1 Ra2 20. Re2 Rfa8 21. Bb2 Nh5
22. Ne3 Nf4 23. Rd2 g6 24. h4 f6 25. Nh2 Nd8 26. Bb3 R2a7 27. Rc1 Qb6 28. Qf3
Nf7 29. Nhf1 Rc7 30. Rdd1 c4 31. Bc2 Ra2 32. Rb1 Rca7 33. Ng3 Qb8 34. Ne2 Nxe2+
35. Qxe2 Bd8 36. g3 Bb6 37. Kg2 h5 38. Bc1 Qc8 39. Rb2 Kg7 40. Bb1 R2a3 41. Rc2
Ra1 42. Rb2 R1a3 43. Rc2 Ra1 44. Rb2 1/2-1/2

[Event "Liga Vasca 2010 - Division de Honor"]
[Site "Euskadi ESP"]
[Date "2010.03.13"]
[Round "9.52"]
[White "Cruz-Lopez Claret, Carlos"]
[Black "Rada Equiza, Miguel"]
[Result "1/2-1/2"]
[WhiteElo "2318"]
[BlackElo "2262"]
[PlyCount "32"]
[EventDate "2010.01.09"]
[EventType "team"]
[EventRounds "9"]
[EventCountry "ESP"]
[Source "lmi"]
[SourceDate "2010.01.09"]

1. d4 f5 2. g3 g6 3. Bg2 Nf6 4. Nf3 Bg7 5. O-O O-O 6. c4 d6 7. Nc3 c6 8. d5 Bd7
9. e4 fxe4 10. Ng5 Bg4 11. Qc2 cxd5 12. cxd5 Na6 13. Ncxe4 Rc8 14. Qa4 Qd7 15.
Qb3 Nxe4 16. Nxe4 Nc5 1/2-1/2

[Event "Liga Vasca 2010 - Division de Honor"]
[Site "Euskadi ESP"]
[Date "2010.03.13"]
[Round "9.53"]
[White "Mindeguia Guruceaga, Juan Jesus"]
[Black "Serras Uria, Antonio"]
[Result "1/2-1/2"]
[WhiteElo "2184"]
[BlackElo "2206"]
[PlyCount "67"]
[EventDate "2010.01.09"]
[EventType "team"]
[EventRounds "9"]
[EventCountry "ESP"]
[Source "lmi"]
[SourceDate "2010.01.09"]

1. e4 c5 2. Nf3 Nc6 3. d4 cxd4 4. Nxd4 Nf6 5. Nc3 d6 6. Bg5 e6 7. Qd2 a6 8.
O-O-O Bd7 9. f4 Be7 10. Kb1 Nxd4 11. Qxd4 Bc6 12. e5 dxe5 13. Qxe5 Qb8 14. Qe3
Qa7 15. Qh3 b5 16. Bd3 Qb7 17. Qe3 O-O-O 18. Bxf6 Bxf6 19. Be4 Kb8 20. Bxc6
Qxc6 21. Ne4 Rxd1+ 22. Rxd1 Rd8 23. Rxd8+ Bxd8 24. c3 Bb6 25. Qd3 Bc7 26. Qe3
Qc4 27. g3 Qc6 28. a3 h6 29. Nc5 Bd6 30. Nd3 Kb7 31. Ne5 Qh1+ 32. Ka2 Qd5+ 33.
Kb1 Qh1+ 34. Ka2 1/2-1/2

[Event "Liga Vasca 2010 - Division de Honor"]
[Site "Euskadi ESP"]
[Date "2010.03.13"]
[Round "9.54"]
[White "Alonso Arburu, Jose Maria"]
[Black "Hernandorena De La Cruz, Egoi"]
[Result "1/2-1/2"]
[WhiteElo "2101"]
[BlackElo "2045"]
[PlyCount "40"]
[EventDate "2010.01.09"]
[EventType "team"]
[EventRounds "9"]
[EventCountry "ESP"]
[Source "lmi"]
[SourceDate "2010.01.09"]

1. c4 e5 2. g3 Nf6 3. Bg2 d5 4. cxd5 Nxd5 5. Nc3 Nb6 6. Nf3 Nc6 7. O-O Be7 8.
a3 a5 9. d3 Be6 10. Bd2 O-O 11. Rc1 a4 12. Ne4 Bb3 13. Qe1 Nd4 14. Nxd4 exd4
15. Bb4 Bd5 16. Bc5 f5 17. Qb4 Re8 18. Nd2 Bxg2 19. Kxg2 Bxc5 20. Rxc5 Rxe2
1/2-1/2

[Event "Liga Vasca 2010 - Primera Division"]
[Site "Euskadi ESP"]
[Date "2010.01.09"]
[Round "1.11"]
[White "Garro Beraza, Haritz"]
[Black "Mancha Otano, Aritz"]
[Result "1-0"]
[WhiteElo "2075"]
[BlackElo "2036"]
[PlyCount "93"]
[EventDate "2010.01.09"]
[EventType "team"]
[EventRounds "9"]
[EventCountry "ESP"]
[Source "lmi"]
[SourceDate "2010.01.09"]

1. e4 e5 2. Nf3 Nc6 3. Bb5 Bc5 4. O-O Nd4 5. Nxd4 Bxd4 6. c3 Bb6 7. d3 Ne7 8.
Nd2 O-O 9. Nc4 d6 10. Nxb6 axb6 11. d4 Ng6 12. Bc4 Be6 13. Qb3 Bxc4 14. Qxc4 c6
15. dxe5 dxe5 16. Be3 Qc7 17. a4 c5 18. Rfd1 Rfd8 19. g3 h5 20. h4 Rxd1+ 21.
Rxd1 Rd8 22. Rxd8+ Qxd8 23. Qd5 Qxd5 24. exd5 c4 25. Bxb6 Kf8 26. Kf1 Ke7 27.
Bc5+ Kd7 28. Ke2 Ne7 29. Bxe7 Kxe7 30. b3 cxb3 31. Kd2 Kd6 32. c4 Kc5 33. Kc3
f6 34. Kxb3 g5 35. f3 gxh4 36. gxh4 f5 37. a5 Kd6 38. Kc3 Kc5 39. Kd3 Kd6 40.
Kd2 Kc5 41. Ke3 Kd6 42. f4 e4 43. Kd4 Kd7 44. c5 Kc7 45. Kc3 Kd7 46. c6+ Kc7
47. cxb7 1-0

[Event "Liga Vasca 2010 - Primera Division"]
[Site "Euskadi ESP"]
[Date "2010.01.09"]
[Round "1.12"]
[White "Vilchez Gonzalez, Angel"]
[Black "Olmo Vega, Diego"]
[Result "0-1"]
[WhiteElo "1942"]
[BlackElo "2025"]
[PlyCount "134"]
[EventDate "2010.01.09"]
[EventType "team"]
[EventRounds "9"]
[EventCountry "ESP"]
[Source "lmi"]
[SourceDate "2010.01.09"]

1. e4 c5 2. Nc3 e6 3. g3 d5 4. Bg2 Nf6 5. d3 dxe4 6. Nxe4 Nxe4 7. Bxe4 Nd7 8.
Qe2 Nf6 9. Bg2 Be7 10. Nf3 O-O 11. O-O Rb8 12. Bf4 Bd6 13. Be5 b6 14. d4 Qc7
15. Rfd1 Bxe5 16. dxe5 Nd7 17. Rd2 Bb7 18. Rad1 Bxf3 19. Qxf3 Nxe5 20. Qe4 b5
21. f4 Nc4 22. Rd7 Qa5 23. f5 exf5 24. Qf4 Rbd8 25. b3 Rxd7 26. Rxd7 Nb6 27.
Rc7 Qe1+ 28. Qf1 Qe3+ 29. Qf2 Qc1+ 30. Bf1 Nd5 31. Rxc5 Ne3 32. Re5 Nxf1 33.
Re1 Qd2 34. Kxf1 Qxf2+ 35. Kxf2 Rc8 36. Re2 Kf8 37. Kf3 g6 38. Kf4 h6 39. h4
Kg7 40. Re7 Kf6 41. Rxa7 g5+ 42. hxg5+ hxg5+ 43. Kf3 Rc3+ 44. Kf2 Rxc2+ 45. Kf1
Kg6 46. Ra5 f6 47. a3 Ra2 48. b4 f4 49. gxf4 g4 50. Rxb5 Rxa3 51. f5+ Kg5 52.
Rc5 Rb3 53. b5 Kf4 54. Kg2 Rb2+ 55. Kg1 g3 56. Rc6 Kxf5 57. b6 Kg5 58. Rc7 Rxb6
59. Kg2 Rb3 60. Rg7+ Kf4 61. Kh3 f5 62. Ra7 Kf3 63. Ra4 f4 64. Rc4 Re3 65. Ra4
Re2 66. Ra3+ Re3 67. Ra1 Kf2 0-1

[Event "Liga Vasca 2010 - Primera Division"]
[Site "Euskadi ESP"]
[Date "2010.01.09"]
[Round "1.13"]
[White "Arana Garate, Jon"]
[Black "Iraneta Unzue, Iker"]
[Result "1-0"]
[WhiteElo "1944"]
[BlackElo "1954"]
[PlyCount "69"]
[EventDate "2010.01.09"]
[EventType "team"]
[EventRounds "9"]
[EventCountry "ESP"]
[Source "lmi"]
[SourceDate "2010.01.09"]

1. d4 Nf6 2. c4 g6 3. Nc3 Bg7 4. e4 d6 5. f3 O-O 6. Be3 c6 7. Bd3 e5 8. d5 cxd5
9. cxd5 Nh5 10. Nge2 f5 11. exf5 gxf5 12. O-O Na6 13. Rc1 Qh4 14. Qd2 f4 15.
Bf2 Qe7 16. Ne4 Bf5 17. N2c3 Kh8 18. Nb5 Bxe4 19. Bxe4 b6 20. Rc6 Rad8 21. b4
Nf6 22. Bh4 Qd7 23. a4 Rc8 24. Rfc1 Nxe4 25. fxe4 Qg4 26. h3 Qd7 27. Nxa7 Rxc6
28. Nxc6 f3 29. Rf1 Rf4 30. Bg3 fxg2 31. Qxg2 Rxf1+ 32. Qxf1 Nc7 33. Kg2 Kg8
34. Qf2 Ne6 35. Nb8 1-0

[Event "Liga Vasca 2010 - Primera Division"]
[Site "Euskadi ESP"]
[Date "2010.01.09"]
[Round "1.21"]
[White "Salinero de Prado, Juan Manuel"]
[Black "Navarrete Delgado, Sergio"]
[Result "1/2-1/2"]
[WhiteElo "2132"]
[BlackElo "2227"]
[PlyCount "71"]
[EventDate "2010.01.09"]
[EventType "team"]
[EventRounds "9"]
[EventCountry "ESP"]
[Source "lmi"]
[SourceDate "2010.01.09"]

1. e4 e5 2. Bc4 Bc5 3. Nf3 Nc6 4. d3 d6 5. O-O Bg4 6. c3 Qf6 7. b4 Bb6 8. a4 a5
9. Be3 axb4 10. Bxb6 cxb6 11. Bb5 Nge7 12. cxb4 O-O 13. Nbd2 Nd4 14. h3 Bxf3
15. Nxf3 Nxf3+ 16. Qxf3 Qxf3 17. gxf3 Ng6 18. Rfc1 Nf4 19. Rc7 Rab8 20. Kh2 Ne6
21. Rd7 Rfd8 22. Rc1 Kf8 23. Rc3 Rxd7 24. Bxd7 Ke7 25. Bxe6 Kxe6 26. Kg3 Ra8
27. Ra3 f6 28. f4 d5 29. f5+ Kd6 30. Kf3 d4 31. Ra1 g6 32. fxg6 hxg6 33. h4 Ke6
34. Kg4 Rc8 35. a5 Ra8 36. f4 1/2-1/2

[Event "Liga Vasca 2010 - Primera Division"]
[Site "Euskadi ESP"]
[Date "2010.02.13"]
[Round "1.22"]
[White "Jimenez Martin, Gustavo"]
[Black "Fernandez Hernandez, Gerardo"]
[Result "0-1"]
[WhiteElo "2211"]
[BlackElo "2190"]
[PlyCount "56"]
[EventDate "2010.01.09"]
[EventType "team"]
[EventRounds "9"]
[EventCountry "ESP"]
[Source "lmi"]
[SourceDate "2010.01.09"]
[WhiteTeam "Orvina B"]
[BlackTeam "Zuri Baltza"]

1. d4 Nf6 2. Nc3 e6 3. e4 d5 4. Bg5 Bb4 5. exd5 exd5 6. Bd3 O-O 7. Nge2 c6 8.
O-O Bg4 9. Qd2 Nbd7 10. Ng3 Re8 11. f4 Qb6 12. Kh1 c5 13. dxc5 Nxc5 14. a3 Bxc3
15. Qxc3 Nxd3 16. cxd3 d4 17. Qd2 Nd5 18. f5 f6 19. Bf4 Ne3 20. h3 Bxf5 21.
Nxf5 Nxf5 22. Rac1 Ne3 23. Rfe1 Re7 24. Re2 Rae8 25. Rce1 Qc5 26. Kg1 Qd5 27.
Kh1 Nxg2 28. Rxe7 Nxe1+ 0-1

[Event "Liga Vasca 2010 - Primera Division"]
[Site "Euskadi ESP"]
[Date "2010.02.13"]
[Round "1.23"]
[White "Alberdi Sololuce, Paulo"]
[Black "Mombiela Martinez, Gustavo"]
[Result "1-0"]
[WhiteElo "2149"]
[BlackElo "2138"]
[PlyCount "93"]
[EventDate "2010.01.09"]
[EventType "team"]
[EventRounds "9"]
[EventCountry "ESP"]
[Source "lmi"]
[SourceDate "2010.01.09"]
[WhiteTeam "Zuri Baltza"]
[BlackTeam "Orvina B"]

1. d4 d5 2. Nf3 c6 3. c4 e6 4. g3 f5 5. Bg2 Nf6 6. O-O Bd6 7. Qc2 O-O 8. b3 Qe7
9. Bb2 Ne4 10. Ne5 Nd7 11. f3 Nxe5 12. fxe4 Ng4 13. e5 Bb4 14. a3 Ba5 15. Qd3
Bd7 16. Nc3 Bd8 17. a4 Qe8 18. h3 Nh6 19. Ba3 Be7 20. e3 Bxa3 21. Rxa3 Qe7 22.
Ra2 Nf7 23. Raf2 Rad8 24. Ne2 Bc8 25. Nf4 Qg5 26. Kh2 Qh6 27. Qe2 Kh8 28. cxd5
exd5 29. Qh5 Qxh5 30. Nxh5 Kg8 31. b4 g6 32. Nf6+ Kg7 33. b5 Ng5 34. Rc1 cxb5
35. axb5 Be6 36. Ra2 Ne4 37. Bxe4 dxe4 38. Rc7+ Rf7 39. Rxf7+ Bxf7 40. Rxa7 Rc8
41. Rxb7 Rc2+ 42. Kg1 Re2 43. d5 Rxe3 44. e6 Kxf6 45. Rxf7+ Kg5 46. e7 Rxg3+
47. Kh2 1-0

[Event "Liga Vasca 2010 - Primera Division"]
[Site "Euskadi ESP"]
[Date "2010.02.13"]
[Round "1.24"]
[White "Monje Peinado, Roberto"]
[Black "Martinez Pelaez, David"]
[Result "1-0"]
[WhiteElo "2022"]
[BlackElo "1972"]
[PlyCount "107"]
[EventDate "2010.01.09"]
[EventType "team"]
[EventRounds "9"]
[EventCountry "ESP"]
[Source "lmi"]
[SourceDate "2010.01.09"]
[WhiteTeam "Orvina B"]
[BlackTeam "Zuri Baltza"]

1. d4 Nf6 2. Nf3 d5 3. c4 e6 4. g3 c6 5. Bg2 Bd6 6. O-O Nbd7 7. Nbd2 O-O 8. Qc2
e5 9. cxd5 cxd5 10. dxe5 Nxe5 11. Nxe5 Bxe5 12. Nf3 Bd6 13. Rd1 Be6 14. Nd4 Rc8
15. Qb3 Qe7 16. Bg5 b6 17. Bxf6 Qxf6 18. Bxd5 Bxd5 19. Qxd5 Bc5 20. e3 Rfd8 21.
Qe4 g6 22. Rab1 Rd7 23. Rd2 Rcd8 24. Rbd1 Rd5 25. Qf4 Qxf4 26. gxf4 Bxd4 27.
Rxd4 Rxd4 28. Rxd4 Rxd4 29. exd4 Kf8 30. Kf1 Ke7 31. Ke2 Kd6 32. Ke3 f5 33. Kd3
Kd5 34. a4 a6 35. f3 h6 36. h4 b5 37. axb5 axb5 38. Kc3 h5 39. b3 Ke6 40. Kb4
Kd5 41. Kxb5 Kxd4 42. b4 Ke3 43. Kc4 Kxf3 44. b5 Kxf4 45. b6 Kg4 46. b7 Kxh4
47. b8=Q Kg4 48. Kd3 f4 49. Ke4 g5 50. Qb3 Kh4 51. Kf5 f3 52. Qxf3 g4 53. Qa3
g3 54. Kf4 1-0

[Event "Liga Vasca 2010 - Primera Division"]
[Site "Euskadi ESP"]
[Date "2010.01.09"]
[Round "1.41"]
[White "Pinedo Lerma, Juan Ramon"]
[Black "Angulo Martinez, Jon"]
[Result "0-1"]
[WhiteElo "2162"]
[BlackElo "2212"]
[PlyCount "42"]
[EventDate "2010.01.09"]
[EventType "team"]
[EventRounds "9"]
[EventCountry "ESP"]
[Source "lmi"]
[SourceDate "2010.01.09"]

1. e4 c5 2. Nf3 Nc6 3. c3 d5 4. exd5 Qxd5 5. d4 Bg4 6. Be2 cxd4 7. cxd4 e6 8.
Nc3 Qd6 9. O-O Nf6 10. d5 Nxd5 11. Nxd5 Qxd5 12. Qa4 Bf5 13. Rd1 Qe4 14. Qb5
Be7 15. Nd4 O-O-O 16. Be3 Nxd4 17. Rxd4 Rxd4 18. Bf3 Rd5 19. Qe2 Qd3 20. Qe1
Rhd8 21. Bxa7 Qd2 0-1

[Event "Liga Vasca 2010 - Primera Division"]
[Site "Euskadi ESP"]
[Date "2010.01.09"]
[Round "1.42"]
[White "Diaz Herrero, Alvaro"]
[Black "Segura Del Frago, Imanol"]
[Result "1/2-1/2"]
[WhiteElo "2143"]
[BlackElo "2028"]
[PlyCount "131"]
[EventDate "2010.01.09"]
[EventType "team"]
[EventRounds "9"]
[EventCountry "ESP"]
[Source "lmi"]
[SourceDate "2010.01.09"]

1. e4 c5 2. Nf3 e6 3. d4 cxd4 4. Nxd4 Nf6 5. Nc3 Nc6 6. Ndb5 Bb4 7. a3 Bxc3+ 8.
Nxc3 d5 9. exd5 exd5 10. Bd3 d4 11. Ne2 Bf5 12. Bxf5 Qa5+ 13. b4 Qxf5 14. O-O
O-O 15. Nxd4 Nxd4 16. Qxd4 Qxc2 17. Bg5 Rfd8 18. Qh4 Rd6 19. Rac1 Qb2 20. Rfd1
Re8 21. Re1 Red8 22. h3 h6 23. Bxf6 Rxf6 24. Rcd1 Rxd1 25. Rxd1 Qxa3 26. Qe4 g6
27. Kh2 Qa4 28. Rd8+ Kg7 29. Qe7 Re6 30. Qf8+ Kf6 31. Qxh6 Qb5 32. Qh4+ Qg5 33.
Qh8+ Ke7 34. g3 Qf5 35. Qf8+ Kf6 36. Qh8+ Ke7 37. Qf8+ Kf6 38. Rd2 g5 39. Qh8+
Kg6 40. Qg8+ Kf6 41. Qd8+ Kg7 42. Qd4+ Rf6 43. Qxa7 Qb5 44. Qd4 Qf1 45. Qe5 Kg6
46. Qe4+ Kg7 47. Qe3 Kg6 48. h4 gxh4 49. gxh4 Kg7 50. h5 Qb5 51. Qg3+ Kh6 52.
Rd8 Qxh5+ 53. Kg2 Qg6 54. Rd7 Rxf2+ 55. Kxf2 Qf5+ 56. Qf3 Qxd7 57. Qf6+ Kh7 58.
Qh4+ Kg6 59. Qg3+ Kf6 60. Qh4+ Ke6 61. Qe4+ Kd6 62. Qf4+ Ke7 63. Qe5+ Kd8 64.
Qb8+ Qc8 65. Qd6+ Ke8 66. Qe5+ 1/2-1/2

[Event "Liga Vasca 2010 - Primera Division"]
[Site "Euskadi ESP"]
[Date "2010.01.09"]
[Round "1.43"]
[White "Miguelez Garcia, Erlantz"]
[Black "Sanz Rodero, Mikel"]
[Result "1/2-1/2"]
[WhiteElo "1958"]
[BlackElo "2056"]
[PlyCount "98"]
[EventDate "2010.01.09"]
[EventType "team"]
[EventRounds "9"]
[EventCountry "ESP"]
[Source "lmi"]
[SourceDate "2010.01.09"]

1. d4 d5 2. c4 e6 3. Nc3 c6 4. Nf3 dxc4 5. e4 b5 6. e5 Bb4 7. g3 Ne7 8. Bg2 Nd5
9. Bd2 O-O 10. O-O Nxc3 11. bxc3 Be7 12. h4 Bb7 13. Ng5 Qc7 14. Qh5 Bxg5 15.
hxg5 c5 16. Kh2 Rd8 17. Rh1 Nd7 18. Be3 cxd4 19. Bxd4 Bxg2 20. Kxg2 Nf8 21. Qf3
Rac8 22. Qe3 Qc6+ 23. f3 a5 24. Rab1 Rd5 25. Kf2 Rb8 26. Rb2 b4 27. Rhb1 Rdb5
28. f4 Ng6 29. Qf3 Qxf3+ 30. Kxf3 Ne7 31. Ke4 Nd5 32. g4 h6 33. gxh6 gxh6 34.
f5 Nxc3+ 35. Bxc3 bxc3 36. Rxb5 Rxb5 37. Rc1 Rb2 38. Rxc3 Rxa2 39. Rxc4 Rb2 40.
Rc8+ Kg7 41. Ra8 Rb4+ 42. Kf3 Rb5 43. Kf4 Rb4+ 44. Kf3 a4 45. Ra7 Rb3+ 46. Kf4
Rb4+ 47. Kf3 exf5 48. gxf5 Kf8 49. Ra8+ Kg7 1/2-1/2

[Event "Liga Vasca 2010 - Primera Division"]
[Site "Euskadi ESP"]
[Date "2010.01.09"]
[Round "1.44"]
[White "Zabala Perez, Aritz"]
[Black "Etxaurren Gavina, Asier"]
[Result "1/2-1/2"]
[WhiteElo "1888"]
[BlackElo "1977"]
[PlyCount "120"]
[EventDate "2010.01.09"]
[EventType "team"]
[EventRounds "9"]
[EventCountry "ESP"]
[Source "lmi"]
[SourceDate "2010.01.09"]

1. d4 Nf6 2. Nf3 g6 3. g3 Bg7 4. Bg2 O-O 5. O-O d6 6. c4 Nbd7 7. Nc3 e5 8. Qc2
c6 9. Rd1 Qc7 10. b4 exd4 11. Nxd4 Ne5 12. Rb1 a6 13. c5 dxc5 14. bxc5 Qe7 15.
Na4 Nfd7 16. h3 Nf6 17. Nb6 Rb8 18. Nc4 Nxc4 19. Qxc4 Nd7 20. Bxc6 Bxd4 21.
Bxd7 Bxf2+ 22. Kxf2 Bxd7 23. Qd4 Bb5 24. Bh6 Qxe2+ 25. Kg1 f6 26. Bxf8 Rxf8 27.
Rb2 Qe7 28. Rf2 Bc6 29. Rdf1 f5 30. Qc4+ Kg7 31. Re2 Be4 32. Rd1 Rd8 33. Red2
Rxd2 34. Rxd2 Qg5 35. Qd4+ Kh6 36. Qf2 Qe7 37. Qf4+ Kg7 38. Qd6 Qg5 39. h4 Qe3+
40. Kh2 Bc6 41. Qd4+ Qxd4 42. Rxd4 Kh6 43. Kg1 Kh5 44. Kf2 h6 45. Ke3 g5 46.
Rb4 Be4 47. Rb6 Bc6 48. hxg5 hxg5 49. Rb4 Be4 50. Rd4 Kg4 51. Kf2 Kh3 52. Rd7
Bc6 53. Rg7 Kg4 54. Ke3 Be4 55. a3 Bc6 56. Rg6 Be8 57. Rg8 Bc6 58. Kd4 f4 59.
gxf4 Kxf4 60. Rf8+ Kg3 1/2-1/2

[Event "Liga Vasca 2010 - Primera Division"]
[Site "Euskadi ESP"]
[Date "2010.01.16"]
[Round "2.11"]
[White "Mancha Otano, Aritz"]
[Black "Arnaez Gil, Juan Ignacio"]
[Result "1/2-1/2"]
[WhiteElo "2036"]
[BlackElo "2242"]
[PlyCount "77"]
[EventDate "2010.01.09"]
[EventType "team"]
[EventRounds "9"]
[EventCountry "ESP"]
[Source "lmi"]
[SourceDate "2010.01.09"]

1. d4 d5 2. c4 c6 3. cxd5 cxd5 4. Nf3 Nf6 5. Ne5 e6 6. e3 Bd6 7. f4 O-O 8. Bd3
b6 9. O-O Ba6 10. Bxa6 Nxa6 11. Nc3 Ne4 12. Bd2 f6 13. Nf3 Qd7 14. Qb3 Rac8 15.
f5 Nxc3 16. Bxc3 Kh8 17. fxe6 Qxe6 18. e4 Nc7 19. e5 Be7 20. Bb4 f5 21. Bxe7
Qxe7 22. Rac1 Rcd8 23. Rc6 Ne6 24. Rfc1 g5 25. Qa3 Qxa3 26. bxa3 Rfe8 27. Rd6
g4 28. Rcc6 Rxd6 29. exd6 Nd8 30. d7 Rf8 31. Ne5 Kg7 32. Rc7 a5 33. Nc6 Kf7 34.
Nxd8+ Rxd8 35. Rb7 Ke7 36. Rxb6 Rxd7 37. Rh6 Ke8 38. Ra6 Rb7 39. Rxa5 1/2-1/2

[Event "Liga Vasca 2010 - Primera Division"]
[Site "Euskadi ESP"]
[Date "2010.01.16"]
[Round "2.13"]
[White "Otazu Ojer, Iñigo"]
[Black "Galarza Bilbao, Xabier"]
[Result "0-1"]
[WhiteElo "1941"]
[BlackElo "2147"]
[PlyCount "62"]
[EventDate "2010.01.09"]
[EventType "team"]
[EventRounds "9"]
[EventCountry "ESP"]
[Source "lmi"]
[SourceDate "2010.01.09"]

1. e4 e5 2. Nf3 Nf6 3. Bc4 Nxe4 4. Nc3 Nxc3 5. dxc3 f6 6. O-O d6 7. Nh4 g6 8.
f4 Qe7 9. f5 Qg7 10. Qd3 g5 11. Nf3 Be7 12. Be3 c6 13. Bb3 d5 14. Nd2 Nd7 15.
Qe2 Nc5 16. Qh5+ Qf7 17. Qh6 Nxb3 18. Nxb3 b6 19. Bxg5 Bb7 20. Be3 c5 21. Rae1
O-O-O 22. Qh3 Rhg8 23. Rf2 d4 24. cxd4 cxd4 25. Bd2 e4 26. Bf4 e3 27. Rfe2 Ba6
28. Nxd4 Rxd4 29. Rxe3 Rxf4 30. Rxe7 Qxe7 31. Qc3+ Qc5+ 0-1

[Event "Liga Vasca 2010 - Primera Division"]
[Site "Euskadi ESP"]
[Date "2010.01.16"]
[Round "2.14"]
[White "Basto Auzmendi, Mario"]
[Black "Martinez Ayesa, Aitor"]
[Result "0-1"]
[WhiteElo "2089"]
[BlackElo "1850"]
[PlyCount "44"]
[EventDate "2010.01.09"]
[EventType "team"]
[EventRounds "9"]
[EventCountry "ESP"]
[Source "lmi"]
[SourceDate "2010.01.09"]

1. g3 c5 2. Bg2 g6 3. Nc3 Nc6 4. f4 d6 5. b3 Bg7 6. Bb2 e6 7. Nf3 Nge7 8. Qc1
Nd4 9. Ne4 Qc7 10. Nxd4 cxd4 11. Ba3 d5 12. Nd6+ Kf8 13. O-O Bd7 14. d3 a5 15.
f5 exf5 16. Bxd5 Be6 17. Bg2 Kg8 18. Nxb7 Nd5 19. Nc5 Rc8 20. Nxe6 fxe6 21.
Bxd5 exd5 22. Qd2 h5 0-1

[Event "Liga Vasca 2010 - Primera Division"]
[Site "Euskadi ESP"]
[Date "2010.01.16"]
[Round "2.22"]
[White "Martin Echeandia, Ibon"]
[Black "Diaz Herrero, Alvaro"]
[Result "1-0"]
[WhiteElo "2195"]
[BlackElo "2143"]
[PlyCount "45"]
[EventDate "2010.01.09"]
[EventType "team"]
[EventRounds "9"]
[EventCountry "ESP"]
[Source "lmi"]
[SourceDate "2010.01.09"]

1. f4 d5 2. g3 g6 3. Bg2 Bg7 4. Nf3 c6 5. O-O Qb6+ 6. Kh1 Bxb2 7. Bxb2 Qxb2 8.
Nc3 Nf6 9. Ne5 d4 10. Ne4 Bf5 11. Nc4 Qb4 12. Ncd6+ exd6 13. Nxf6+ Ke7 14. g4
Kxf6 15. gxf5 Qc5 16. e4 dxe3 17. dxe3 gxf5 18. Qh5 Rg8 19. Qh4+ Ke6 20. e4
Qxc2 21. Rf2 Rg4 22. Qh6+ Rg6 23. Qxg6+ 1-0

[Event "Liga Vasca 2010 - Primera Division"]
[Site "Euskadi ESP"]
[Date "2010.01.16"]
[Round "2.23"]
[White "Sanz Rodero, Mikel"]
[Black "Prieto Aranguren, Alain"]
[Result "0-1"]
[WhiteElo "2056"]
[BlackElo "2136"]
[PlyCount "56"]
[EventDate "2010.01.09"]
[EventType "team"]
[EventRounds "9"]
[EventCountry "ESP"]
[Source "lmi"]
[SourceDate "2010.01.09"]

1. e4 c6 2. d4 g6 3. Nc3 Bg7 4. Nf3 d5 5. h3 dxe4 6. Nxe4 Nd7 7. Bc4 Ndf6 8.
Nxf6+ Nxf6 9. O-O O-O 10. c3 Qc7 11. Qe2 b6 12. Re1 e6 13. Ne5 Nd5 14. Bd2 Bb7
15. Rad1 c5 16. dxc5 bxc5 17. Bb3 Rad8 18. c4 Nb4 19. Bc3 Nc6 20. Rxd8 Rxd8 21.
Ba4 Nd4 22. Qe3 f6 23. Ng4 e5 24. Bxd4 cxd4 25. Qb3 f5 26. Nh2 e4 27. Nf1 Bc6
28. Bb5 Qa5 0-1

[Event "Liga Vasca 2010 - Primera Division"]
[Site "Euskadi ESP"]
[Date "2010.01.16"]
[Round "2.24"]
[White "Garitaonaindia Areitio, Iker"]
[Black "Zabala Perez, Aritz"]
[Result "1/2-1/2"]
[WhiteElo "1886"]
[BlackElo "1888"]
[PlyCount "55"]
[EventDate "2010.01.09"]
[EventType "team"]
[EventRounds "9"]
[EventCountry "ESP"]
[Source "lmi"]
[SourceDate "2010.01.09"]

1. e4 e5 2. Nf3 Nc6 3. Bc4 Bc5 4. d3 d6 5. O-O Nf6 6. h3 h6 7. Be3 Bb6 8. c3
O-O 9. b4 Qe7 10. Nbd2 Be6 11. a4 d5 12. exd5 Nxd5 13. Bxd5 Bxd5 14. a5 Bxe3
15. fxe3 e4 16. dxe4 Bxe4 17. Nxe4 Qxe4 18. Re1 Rad8 19. Nd4 Ne5 20. Qe2 Rfe8
21. Rad1 Rd6 22. Rf1 Nd7 23. Nf5 Rxd1 24. Qxd1 Nf6 25. Qd4 Re5 26. Rf4 Qb1+ 27.
Rf1 Qe4 28. Rf4 1/2-1/2

[Event "Liga Vasca 2010 - Primera Division"]
[Site "Euskadi ESP"]
[Date "2010.01.16"]
[Round "2.31"]
[White "Agirretxe San Sebastian, Jesus"]
[Black "Segura Del Frago, Imanol"]
[Result "1-0"]
[WhiteElo "2153"]
[BlackElo "2028"]
[PlyCount "79"]
[EventDate "2010.01.09"]
[EventType "team"]
[EventRounds "9"]
[EventCountry "ESP"]
[Source "lmi"]
[SourceDate "2010.01.09"]

1. d4 Nf6 2. Nf3 e6 3. g3 d5 4. Bg2 Bd6 5. O-O Nbd7 6. c4 c6 7. Qc2 O-O 8. Bf4
Bxf4 9. gxf4 Ne4 10. Ne5 f5 11. f3 Nd6 12. Nd2 Qh4 13. e3 Rf6 14. Rf2 Rh6 15.
Bf1 Nf6 16. Rg2 Nh5 17. Qc3 Nf7 18. Rc1 Nxe5 19. dxe5 Rg6 20. Qd4 Rxg2+ 21.
Bxg2 h6 22. Qc5 Kf7 23. Qd6 Nxf4 24. exf4 Qxf4 25. cxd5 Qe3+ 26. Kh1 exd5 27.
Nb3 a5 28. Rf1 f4 29. Nc5 h5 30. e6+ Bxe6 31. Nxe6 Qxe6 32. Qxf4+ Kg8 33. Qg5
Qf7 34. f4 Re8 35. Bf3 g6 36. Rg1 Kh7 37. Bd1 Qf5 38. Qxf5 gxf5 39. Bxh5 Kh6
40. Bxe8 1-0

[Event "Liga Vasca 2010 - Primera Division"]
[Site "Euskadi ESP"]
[Date "2010.01.16"]
[Round "2.32"]
[White "Miguelez Garcia, Erlantz"]
[Black "Alvarado Fernandez, Mikel"]
[Result "0-1"]
[WhiteElo "1958"]
[BlackElo "2006"]
[PlyCount "136"]
[EventDate "2010.01.09"]
[EventType "team"]
[EventRounds "9"]
[EventCountry "ESP"]
[Source "lmi"]
[SourceDate "2010.01.09"]

1. d4 d5 2. c4 c6 3. Nc3 Nf6 4. Nf3 a6 5. cxd5 cxd5 6. Bf4 Nc6 7. e3 e6 8. Bd3
Be7 9. O-O O-O 10. Rc1 Nh5 11. Be5 Nxe5 12. dxe5 g6 13. Ne2 Bd7 14. Ned4 Qa5
15. g4 Ng7 16. a3 Rfc8 17. Qe2 b5 18. Nb3 Qd8 19. Rxc8 Rxc8 20. Rd1 Qb6 21.
Nfd4 f6 22. exf6 Bxf6 23. f4 e5 24. fxe5 Bxe5 25. Qg2 Qd6 26. Be2 Ne6 27. Bf3
Nc7 28. Rc1 Rd8 29. Nc5 Bc8 30. b4 Kh8 31. Nd3 Bxd4 32. exd4 Be6 33. Ne5 Rf8
34. Qg3 Ne8 35. Rc6 Qe7 36. Rxa6 Nf6 37. Qh4 Kg7 38. g5 Ng8 39. Rc6 Rf5 40. Bg2
Rxg5 41. Kh1 h6 42. Nf3 Qd7 43. Nxg5 hxg5 44. Qxg5 Qxc6 45. h4 Nf6 46. Bf3 Qc3
47. Kg2 Qc2+ 48. Kg3 Qd3 49. Kg2 Qxd4 50. h5 Bf5 51. hxg6 Bxg6 52. Qg3 Qd2+ 53.
Kh3 Ne4 54. Qe5+ Kh7 55. Qe7+ Kh6 56. Qf8+ Kg5 57. Bxe4 Bxe4 58. Qg7+ Kf5 59.
Qf7+ Kg5 60. Qg7+ Bg6 61. Qe7+ Kh6 62. Qf8+ Kh7 63. Qe7+ Kg8 64. Qd8+ Kg7 65.
Qe7+ Bf7 66. Qe5+ Kf8 67. Qh8+ Ke7 68. Qe5+ Be6+ 0-1